Central Library OPAC University of Rajshahi

বেদান্তসূত্রম শ্রীশ্রীমদ্ভগবদবতার-মহর্ষি-শ্রীকৃষ্ণদ্বৈপায়ন-শ্রবিাসদেবেন বিরচিতম গৌড়ীয়-বদান্তাচার্য্য / (Record no. 85823)

MARC details
000 -LEADER
fixed length control field 01378nam a2200253 a 4500
001 - CONTROL NUMBER
control field 85823
003 - CONTROL NUMBER IDENTIFIER
rucl marc code BD-RjUL
005 - DATE AND TIME OF LATEST TRANSACTION
control field 20251009120057.0
008 - FIXED-LENGTH DATA ELEMENTS--GENERAL INFORMATION
fixed length control field 251009s1968 ii ||||| |||| 00| 0 eng d
035 ## - SYSTEM CONTROL NUMBER
System control number (BD-RjUL)85823
040 ## - CATALOGING SOURCE
Original cataloging agency BD-RjUL
Language of cataloging eng
Transcribing agency BD-RjUL
041 ## - LANGUAGE CODE
Language code of text/sound track or separate title eng
082 ## - DEWEY DECIMAL CLASSIFICATION NUMBER
Edition number 23
Classification number 294.5921
Author mark and year SRB 1968
100 ## - MAIN ENTRY--PERSONAL NAME
Personal name শ্রীশ্রীমদ্বলদেববিদ্যাভূষণ
9 (RLIN) 17122
245 ## - TITLE STATEMENT
Title বেদান্তসূত্রম শ্রীশ্রীমদ্ভগবদবতার-মহর্ষি-শ্রীকৃষ্ণদ্বৈপায়ন-শ্রবিাসদেবেন বিরচিতম গৌড়ীয়-বদান্তাচার্য্য /
Statement of responsibility, etc. শ্রীশ্রীমদ্বলদেববিদ্যাভূষণ-কৃত ; শ্রীগোবিন্দভাষ্যেণ সূক্ষ্মা টীকয়া চ সমেতম
260 ## - PUBLICATION, DISTRIBUTION, ETC. (IMPRINT)
Place of publication, distribution, etc. কলিকাতা :
Name of publisher, distributor, etc. শ্রীসারস্বতগৌড়ীয়াসন মিশন,
Date of publication, distribution, etc. ১৯৬৮
300 ## - PHYSICAL DESCRIPTION
Pagination ৬৩০ পৃ.;
Size ২২ সেমি.
650 ## - SUBJECT ADDED ENTRY--TOPICAL TERM
Topical term or geographic name as entry element বেদ
9 (RLIN) 17123
Topical term or geographic name as entry element Vedas
9 (RLIN) 17124
Topical term or geographic name as entry element বৈদিক সাহিত্য
9 (RLIN) 14356
Topical term or geographic name as entry element Vedic literature
700 ## - ADDED ENTRY--PERSONAL NAME
Personal name শ্রীগোবিন্দভাষ্যেণ
942 ## - ADDED ENTRY ELEMENTS (KOHA)
Source of classification or shelving scheme Dewey Decimal Classification
Koha item type Books
Holdings
Lost status Source of classification or shelving scheme Damaged status Not for loan Collection code Permanent Location Current Location Shelving location Date acquired Source of acquisition Cost, normal purchase price Full call number Date last seen Copy number Koha item type
  Dewey Decimal Classification   Not For Loan Non-fiction Central Library, University of Rajshahi Central Library, University of Rajshahi Reading Room 07/10/1974 Janathan & Co. 24.00 B 294.5921 SRB 1968 09/10/2025 C-1 Books